000 00571nam a2200193Ia 4500
005 20250508165709.0
008 008 250505s9999 xx 000 0 eng d
037 _aReference
040 _aFEDL
_beng
_cFEDL
041 _aeng
_2eng
084 _a579.2, CAM/RR
_qFEDL
100 _aJones Steve and others Ed.
_9781649
245 0 _aCambridge encyclopedia of human evolution
260 _aNew York, USA
_bCambridge University Press
_c1994
300 _axiii,506p.
365 _aINR
_b1200
942 _cREF
_h579.2, CAM/RR
999 _c1396826
_d1396826